Natural stone (Record no. 112686)
[ view plain ]
| 000 -LEADER | |
|---|---|
| fixed length control field | 01248cad a22002055a 4500 |
| 001 - CONTROL NUMBER | |
| control field | L153757 |
| 008 - FIXED-LENGTH DATA ELEMENTS--GENERAL INFORMATION | |
| fixed length control field | 110825s2011 xxk f 000 0 eng d |
| 035 ## - SYSTEM CONTROL NUMBER | |
| System control number | (Sirsi) u153757 |
| 041 0# - LANGUAGE CODE | |
| Language code of text/sound track or separate title | eng |
| 110 2# - MAIN ENTRY--CORPORATE NAME | |
| Corporate name or jurisdiction name as entry element | Stone Federation Great Britain |
| 9 (RLIN) | 3498 |
| 245 00 - TITLE STATEMENT | |
| Title | Natural stone |
| Remainder of title | the oldest sustainable material |
| Medium | [electronic resource] |
| 260 ## - PUBLICATION, DISTRIBUTION, ETC. | |
| Place of publication, distribution, etc. | Folkestone |
| Name of publisher, distributor, etc. | SFGB |
| Date of publication, distribution, etc. | 2011 |
| 505 2# - FORMATTED CONTENTS NOTE | |
| Formatted contents note | Natural Stone. The Oldest Sustainable Material -- Stone: The Green Building Material -- Environmental Impacts -- Sustainability Issues -- Natural Stone Sustainability Awards and examples of stone sustainability -- The role of natural stone in sustainable communities -- Stone Federation Sustainability Statement -- References |
| 520 ## - SUMMARY, ETC. | |
| Summary, etc. | Asks how can the true 'sustainability' of a material like stone be measured and looks at how you can tell if the materials and components being specified for a project have a low environmental impact. |
| 590 ## - LOCAL NOTE (RLIN) | |
| Local note | KA NTK |
| 651 #4 - SUBJECT ADDED ENTRY--GEOGRAPHIC NAME | |
| Geographic name | United Kingdom |
| Chronological subdivision | |
| 690 ## - LOCAL SUBJECT ADDED ENTRY--TOPICAL TERM (OCLC, RLIN) | |
| Topical term or geographic name as entry element | BUILT ENVIRONMENT-BUILDING MATERIALS-STONE |
| 856 40 - ELECTRONIC LOCATION AND ACCESS | |
| Uniform Resource Identifier | <a href="https://www.stone-federationgb.org.uk/Images/Content/Natural%20Stone.%20The%20oldest%20sustainable%20material.pdf">https://www.stone-federationgb.org.uk/Images/Content/Natural%20Stone.%20The%20oldest%20sustainable%20material.pdf</a> |
| Public note | View the report free of charge at www.stone-federationgb.org.uk |
| 942 ## - ADDED ENTRY ELEMENTS (KOHA) | |
| Suppress in OPAC | 0 |
| Withdrawn status | Lost status | Source of classification or shelving scheme | Damaged status | Not for loan | Home library | Current library | Shelving location | Date acquired | Total Checkouts | Full call number | Barcode | Date last seen | Copy number | Price effective from | Koha item type |
|---|---|---|---|---|---|---|---|---|---|---|---|---|---|---|---|
| Dewey Decimal Classification | Virtual | Virtual | Online | 25/08/2011 | ONLINE PUBLICATION | 153757-2001 | 06/08/2019 | 1 | 06/08/2019 | Book |